[Event "Jermuk FIDE GP"]
[Site "Jermuk"]
[Date "2009.08.10"]
[Round "2"]
[White "Aronian, Levon"]
[Black "Alekseev, Evgeny V"]
[Result "1-0"]
[WhiteElo "2768"]
[BlackElo "2714"]
[Annotator "Krasenkow,M"]
[PlyCount "143"]
[EventDate "2009.08.09"]
[EventType "tourn"]
[EventRounds "13"]
[EventCountry "ARM"]
[EventCategory "19"]
[SourceTitle "CBM 132"]
[Source "ChessBase"]
[SourceDate "2009.09.16"]
[SourceVersion "1"]
[SourceVersionDate "2009.09.16"]
[SourceQuality "1"]

{This game was excellently annotated by GM Evgeny Gleizerov on the chesspro.ru
website. However, it is probably impossible to annotate such a complex game
without any mistakes, and some of Evgeny's conclusions can be disputed.} 1. d4
d5 2. c4 e6 3. Nf3 Nf6 4. g3 Bb4+ 5. Bd2 Be7 6. Bg2 O-O 7. O-O c6 8. Bf4 Nbd7
9. Qc2 b6 10. Rd1 Bb7 11. Nc3 dxc4 12. Nd2 Nd5 13. Nxc4 Nxf4 14. gxf4 Rc8 (
14... Qc7 {is the most popular move in this position - see Dautov - Tiviakov
in CBM 79, annotated by GM R.Dautov.}) 15. a3 $1 $146 {[%cal Yb2b4][%mdl 12]
This way White prevents ...c6-c5.} (15. Ne5 Qc7 16. Rd3 Nf6 17. Rad1 Rfd8 18.
a3 g6 19. e3 Qb8 20. b4 c5 $11 {0-1 Bernard,C (2340)-Stempin,P (2445)/Paris
1990/EXT 1997 (41)}) (15. e3 Nf6 16. Rac1 Nd5 17. Qa4 b5 18. Qxa7 bxc4 19. Qxb7
Nb4 20. a3 Rb8 21. Qa7 Ra8 22. Qb7 Rb8 23. Qa7 Ra8 24. Qb7 {1/2 Marin,M (2556)
-Gurevich,M (2634)/Mondariz 2002/CBM 091 ext}) (15. f5 $6 Qc7 16. fxe6 fxe6 17.
Qe4 Rf6 18. e3 Rg6 $36 {0-1 Butnorius,A (2442)-Nestorovic,N (2381)/Plovdiv
2008/CBM 124 (60)}) 15... Rc7 (15... c5 $6 16. d5) 16. e3 Nf6 17. b4 Nd5 18.
Rac1 Re8 $6 (18... f5 $1 19. Ne5 Bd6 {[%cal Yg7g5] (E.Gleizerov) would have
justified 15...Rc7. A similar plan was carried out by GM S.Tiviakov in the
above-mentioned game.}) 19. Ne5 $1 Bd6 (19... f6 $2 20. Nxd5 exd5 21. Bxd5+
Qxd5 22. e4 Qe6 23. f5 Qc8 24. Qb3+ $18 {E.Gleizerov}) 20. Qa4 $5 Qa8 $6 {
Black wants to prepare ...c6-c5 at any cost.} (20... f6 $6 21. Qxa7 $1 (21.
Nxd5 $143 cxd5 22. Rxc7 Bxc7 23. Qxa7 fxe5 24. Qxb7 exf4 $132) 21... b5 (21...
Ba8 22. Qa4 b5 23. Qb3 fxe5 24. dxe5 Be7 25. e4 $16) 22. Nxd5 exd5 23. Qa5 $1
Kh8 (23... fxe5 24. dxe5 Bf8 25. Bxd5+ $1 Kh8 26. Bf7) 24. Nd3 $16) (20... a6
21. Ne4 Bf8 22. Qb3 $14) 21. Ne4 ({In the event of} 21. Nxd5 cxd5 22. Rxc7 Bxc7
23. Rc1 Re7 24. Nc6 Bxc6 25. Rxc6 g6 {White can hardly break up Black's
defence.}) 21... Be7 (21... Bf8 $142 $14) 22. Rc2 (22. f5 $5 {was an
interesting way to make use of the removal of the black queen:} exf5 (22... Qc8
23. fxe6 Qxe6 24. Nc3 $1) 23. Ng3 Qd8 24. Nxf5 Bf8 25. Qb3 $16 {[%cal Rb4b5]})
22... Rec8 23. Rdc1 a5 $5 24. bxa5 c5 {An attempt to break through.} 25. Ng5 (
25. dxc5 $142 $1 bxc5 26. Ng5 $16 {E.Gleizerov}) 25... Bxg5 (25... b5 $1 26.
Qxb5 Nxf4 $1 27. exf4 Bxg2 28. f3 Bxg5 29. fxg5 Bxf3 30. Rxc5 Rxc5 31. Rxc5 Rf8
$44 {[%csl Rg1] E.Gleizerov}) 26. fxg5 f6 27. Nd3 (27. Nc4 $142 $1 cxd4 28. Nd6
$1 {(E.Gleizerov) , and the intermediate} b5 $5 {helps Black just for a while:}
29. Qb3 $1 (29. Nxb5 Rxc2 30. Rxc2 Rxc2 31. Qxc2 Qxa5 $14) (29. Bxd5 bxa4 30.
Bxe6+ Kh8 31. Rxc7 Rxc7 32. Rxc7 dxe3 $1 33. fxe3 Qxa5 {, and White must give
a perpetual}) 29... Rxc2 30. Rxc2 Rxc2 31. Qxc2 dxe3 32. gxf6 gxf6 33. Qe4 $1
exf2+ (33... Bc8 34. Qxe3 $1 Bd7 35. Qh6 {[%cal Rg2e4]}) 34. Kxf2 Bc8 35. Qg4+
$1 Kf8 36. Qd4 Ke7 $1 37. Bxd5 exd5 38. Qc5 Kd7 39. Nxc8 Qxc8 40. Qxd5+ $16 {
_|_}) (27. Ng4 $5) 27... Qa6 $1 28. Bxd5 $1 {A concrete approach. A lot of
players would hesitate to exchange a strong bishop for a knight - but not
Levon Aronian!} (28. Nb4 Nxb4 29. Bxb7 Qxb7 30. axb4 b5 31. Qa2 c4 $132) (28.
Qc4 Qxa5 29. dxc5 bxc5 30. Qb3 $1 $14) 28... exd5 (28... Bxd5 29. Nb4 Qa8 30.
Nxd5 exd5 31. Qb5 $18) 29. Qb3 $1 (29. dxc5 Qxd3 30. axb6 Rc6 31. Qa7 Qa6 32.
Qxa6 Bxa6 $13) 29... Qxa5 30. dxc5 bxc5 $6 (30... fxg5 $142 31. Qb4 $1 (31. a4
h6 {E.Gleizerov}) 31... Qa6 {is considered satisfactory for Black by E.
Gleizerov but after} 32. Qd4 $1 {White keeps an advantage due to Black's
passive bishop:} bxc5 (32... Qxa3 $2 33. c6) (32... Qb5 33. Rb2 bxc5 34. Qxd5+
(34. Nxc5 $14) 34... Bxd5 35. Rxb5 $16) 33. Rxc5 (33. Nxc5 $5 Qf6 34. a4) 33...
Rxc5 34. Rxc5 Qxa3 (34... Rxc5 35. Nxc5 $16 Qb6 $140 36. Qb4 $1) 35. Rxc8+ Bxc8
36. Qxd5+ Kf8 37. Qd8+ Kf7 38. Ne5+ Ke6 39. Nf3 Qc1+ 40. Kg2 {, and Q+N are
clearly stronger here than Q+B.}) 31. Nxc5 Rxc5 32. Rxc5 Rxc5 33. Rxc5 Qxc5 34.
Qxb7 $16 {[%mdl 4096]} Qxa3 (34... fxg5 35. a4 Qc1+ 36. Kg2 Qc4 37. Qb8+ Kf7
38. a5 Qg4+ (38... Qe4+ 39. Kg1) 39. Qg3 Qa4 40. Qc7+ Ke6 41. h3 $18 {[%csl
Ga5] _|_}) 35. Qxd5+ Kf8 36. h4 $1 {Instead of exchanging pawns on f6, White
wants to force Black to take on g5 in order to create a powerful pawn
avalanche.} Qb4 (36... Qc1+ 37. Kg2 Qc8 38. f3) 37. e4 Qb2 38. Qc5+ Kf7 39. Kg2
Qa1 $2 {This move could have lost at once.} (39... fxg5 40. Qd5+ Kf8 41. hxg5
$16) (39... Qe2 40. Qd5+ Ke7 41. Kg3 $16) 40. h5 $2 (40. Qf5 $1 Kg8 {otherwise
Black loses a second pawn} 41. Qc8+ Kf7 42. Qd7+ Kf8 43. gxf6 Qxf6 44. Qf5 Qxf5
45. exf5 $18 {_|_E.Gleizerov}) 40... fxg5 41. Qxg5 {White has now only one
strong pawn (e4), which is not enough for a victory if Black defends correctly.
} h6 42. Qd5+ Kf6 43. Qd7 Qb2 44. Kf3 Qa1 45. Qc6+ Ke7 46. Kf4 Qg1 47. Qc5+ Ke6
48. Qd5+ Ke7 49. Kf3 Qh1+ 50. Ke2 Qb1 51. Qf5 Qc2+ 52. Kf3 Qd3+ 53. Kg2 Qe2 54.
Qf3 Qd2 $6 {This move enables White to make some progress but, amazingly,
Black's position still holds out!} (54... Qb2 $142 {E.Gleizerov}) 55. Qa3+ Kf7
(55... Ke6 $5 56. Qa6+ (56. Qb3+ Ke5) (56. Qh3+ Ke7) 56... Ke5 57. Qg6 Qd1 $1
58. Qxg7+ (58. Qf5+ Kd6 59. Qf3 Qd4) 58... Kxe4 59. Qg6+ Ke5 {and it is
unclear what White does next as the pawn endgame after} 60. Qg3+ $6 Kf5 61.
Qf3+ Qxf3+ 62. Kxf3 {is drawish:} Kg5 63. Ke4 Kxh5 64. Kf5 Kh4 $11) 56. Qb3+
Ke7 (56... Kf6 57. Qb6+ Ke5 58. Qg6 Qd1 $1 {- 55...Ke6}) 57. Qb7+ Kf8 (57...
Kf6 58. Qc6+ Ke5 59. Qg6 Qd1 $1 {- 55...Ke6}) 58. Qc8+ Ke7 59. Qc5+ (59. Qc7+
Kf8 (59... Kf6 $2 60. e5+ $1 Kf5 61. Qxg7 $18) 60. Qc5+ {leads to the game
continuation a bit faster.}) 59... Ke6 60. Qf5+ Ke7 (60... Kd6 $2 61. Qf8+ Ke5
62. Qxg7+ Kxe4 63. Qf6 $18 {The difference compared to the 55...Ke6 line is
crucial as Black's king is cut off, and his queen is passive.}) 61. Qe5+ Kf8 (
61... Kf7 62. Qd5+) 62. Qc5+ $1 Ke8 63. Qd5 {[%cal Rd5g8]} Qb2 64. e5 $1 {
This pawn finally moves forward.} Ke7 65. Qd6+ Ke8 (65... Kf7 66. e6+ $18) 66.
Qc6+ (66. e6 Qb5 $1) 66... Kd8 $2 {Contrary to the opinion of GM Evgeny
Gleizerov, it is apparently this mistake, and not Black's earlier inaccuracies,
that definitely decides the game in White's favour.} ({I don't see a win for
White after} 66... Ke7 67. Qc7+ Kf8 {, e.g.} 68. e6 Qf6 69. Qc8+ Ke7 70. Qd7+
Kf8 71. f4 (71. Qd6+ Ke8 72. f4 Qb2+ 73. Kg3 Qb7 {is rather a step backwards
for White}) (71. Kf1 {without f2-f4 is hardly good as Black can trade the
queens and win the e6-pawn afterwards in many positions}) 71... Qb2+ 72. Kf3
Qc3+ 73. Kg4 (73. Ke4 Qc4+ (73... Qe1+ 74. Kd5 Qa5+ 75. Kc6 Qa6+ (75... Qa4+
76. Kb7 Qb4+ 77. Kc8 Qc5+ 78. Qc7 Qxh5) 76. Kc5 Qa5+ 77. Qb5 {may give more
chances to White.}) 74. Ke5 Qc5+ 75. Qd5 Qe3+ 76. Kf5 (76. Kd6 Qxf4+ 77. Kd7
Qa4+ 78. Kd8 Qb4) 76... Qh3+ 77. Ke4 (77. Kg6 Qxe6+ $1 78. Qxe6 {stalemate})
77... Qh1+ 78. Kd4 Qa1+ 79. Kc5 Qa5+ {etc.}) 73... Qf6 $22 {An important
reciprocal zugzwang! White can't pass the move to his opponent.} 74. Qd6+ Kg8
$1 (74... Ke8 75. Qe5 Qd8 $8 76. Kf5 Qd3+ 77. Qe4 $18) 75. Qd5 {Other move
orders eventually lead to the same or a similar position.} Qe7 $8 76. Qd7 Qc5
$1 77. Qf7+ (77. e7 Qg1+ 78. Kf5 Qb1+ 79. Ke5 Qb2+ 80. Kd5 Qb3+) 77... Kh8 78.
e7 Qg1+ 79. Kf3 Qd1+ 80. Ke3 Qe1+ 81. Kd3 Qd1+ 82. Kc3 Qc1+ 83. Kb3 Qd1+ 84.
Kb4 Qd4+ 85. Kb5 (85. Qc4 Qb6+) 85... Qd3+ {etc. - White can't avoid the
perpetual! Even if White has a win after 66...Ke7, it can hardly be found over
the board.}) 67. Qe6 $1 $18 {[%csl Rd8,Rg7] The g7 pawn is now lost, and the
game is over.} Qb7+ 68. Kg3 Qh1 69. Qg8+ Ke7 70. Qxg7+ Ke6 71. Qf6+ Kd7 72.
Qf7+ 1-0

[Event "EU-ch 12th"]
[Site "Aix les Bains"]
[Date "2011.03.25"]
[Round "4"]
[White "Pelletier, Yannick"]
[Black "Volokitin, Andrei"]
[Result "0-1"]
[WhiteElo "2593"]
[BlackElo "2677"]
[Annotator "Marchand,A/Primel,D"]
[PlyCount "74"]
[EventDate "2011.03.22"]
[EventType "swiss"]
[EventRounds "11"]
[EventCountry "FRA"]
[SourceTitle "CBM 142 Extra"]
[Source "ChessBase"]
[SourceDate "2011.06.27"]
[SourceVersion "1"]
[SourceVersionDate "2011.06.27"]
[SourceQuality "1"]
[TimeControl "40/5400+30:1800+30"]

1. d4 Nf6 2. c4 e6 3. Nf3 d5 4. g3 Bb4+ {Cet échec intermédaire est devenu
très populaire depuis quelques années dans la Catalane} 5. Bd2 Be7 {[%csl Rd2]}
(5... a5) 6. Bg2 O-O 7. O-O c6 8. Qc2 (8. Qb3 {[%cal Gd2b4]} Nbd7 9. Bb4 {
Un plan intéressant pour résoudre le problème du Bd2 mais c'est un peu lent et
la Qb3 ne soutient pas la poussée "e4"}) 8... b6 9. Rd1 Nbd7 {Le plus souple
pour garder les deux options Bb7 ou Ba6} 10. Bf4 (10. b3 Ba6 11. Nc3 (11. a4 c5
12. Na3 (12. a5 $5)) 11... dxc4 12. e4 $44 {[%cal Ga1a6]}) 10... Bb7 (10... Ba6
11. Ne5 (11. b3) 11... Nxe5 (11... Rc8 12. Nc3 Bxc4 13. Nxc4 dxc4 14. e4 $44 {
Wang Hao (2722)-Efimenko,Z (2677) Sarajevo Bosna op 40th 2010 (10) 1/2}) (11...
Qc8 12. cxd5 cxd5 13. Nc3 {Stupak,K (2502)-Balogh,C (2608) Khanty-Mansiysk ol 
(Men) 39th 2010 (10.4) 1/2}) 12. dxe5 Nd7 13. cxd5 cxd5 14. e4 d4 15. Rxd4 Bc5
16. Rd1 g5 $13 {Portisch,L-Van Scheltinga,T Hoogovens Wijk aan Zee 1969 (6) 1/2
}) 11. Ne5 (11. Nc3 {Plus ambitieux} Nh5 (11... Rc8 12. Ne5) (11... dxc4 12.
Nd2 Nd5 {[%csl Rf4]} 13. Nxc4 Nxf4 14. gxf4 {[%csl Ge5]} Qc7 15. e3 Rad8 (15...
Rac8 16. Rac1 Rfd8 17. a3 {Wang Hao (2724)-Almasi,Z (2707) Khanty-Mansiysk ol 
(Men) 39th 2010 (4.2) 1/2} (17. Ne4 $5 h6 (17... c5 18. Ned6 $1 Bxg2 (18...
Bxd6 19. Bxb7) 19. Nxc8))) 16. Rac1 c5 17. d5 exd5 18. Bxd5 {Grischuk,A (2771)
-Kramnik,V (2791) Wch Blitz 5th 2010 (11) 1/2})) 11... Nh5 (11... Rc8 12. Nc3
Nh5 13. Bc1 f5 14. Qa4 Nxe5 15. dxe5 Qc7 16. cxd5 cxd5 17. Qxa7 Bc5 18. Bf3 f4
19. g4 Ng3 20. b4 Ra8 21. Nxd5 Nxe2+ 22. Kf1 Rxa7 23. Nxc7 Bxf3 24. Nxe6 Nc3
25. bxc5 Nxd1 26. cxb6 {Kramnik,V (2785)-Ivanchuk,V (2779)/Monte Carlo 2011/
Mega2011 Update 14/1/2-1/2 (32)}) 12. Bc1 (12. Bd2 Nhf6 13. cxd5 cxd5 14. Nc6
Bxc6 15. Qxc6 Rc8 16. Qa4 Nb8 17. Be1 a6 18. Qb3 Nc6 19. Qd3 b5 20. a4 bxa4 21.
Nc3 a5 22. e3 Bb4 23. Rxa4 Qe7 24. Raa1 h6 25. Qa6 Nb8 26. Qe2 Rc7 {Gelfand,B 
(2739)-Kramnik,V (2790)/Moscow 2010/CBM 139/1/2-1/2 (32)}) 12... Nhf6 (12... f5
13. Nc3 (13. a4 a5 (13... Nhf6 14. a5) 14. b3 Rc8 15. e3 Bd6 16. Ba3 Bxa3 17.
Nxa3 $13) 13... Rc8 14. Qa4 (14. Nxd7 Qxd7) 14... Nxe5 15. dxe5 a6 16. e4 b5)
13. Bf4 (13. b3 Rc8 14. Nc3) 13... Nh5 14. Bc1 {Une répétition de coups pour
gagner du temps а la pendule} (14. Bd2 f5 15. cxd5 Nxe5 (15... cxd5 16. Nc6)
16. dxe5 cxd5 17. Nc3 Rc8 18. Qd3 Qc7 19. Bf3 g6 20. Nb5 Qxe5 21. Nxa7 Rc5 22.
Bc3 $36 {[%csl Gc3,Rf6,Rg7,Rg8]}) 14... Nhf6 15. Nc3 {01h15 Risqué} (15. Bf4
Nh5 16. Bd2 $11) (15. b3 Nxe5 (15... Rc8 16. Bb2 (16. Nc3) 16... Nxe5 17. dxe5
Nd7 18. Nd2 c5 19. cxd5 Bxd5 20. Ne4 $16) 16. dxe5 Ng4 17. Bb2 Bc5 $132) (15.
cxd5 cxd5 16. Nc6 Bxc6 17. Qxc6 Rc8 18. Qa4 Qc7 19. Nc3 Qb7 $11 {[%csl Ge4]})
15... Nxe5 $1 (15... Rc8 $143 16. e4 $14 {[%cal Gd1d8]} dxc4 17. Nxc4 b5 18.
Ne3 Qb6 19. b3 Rfe8 20. e5 Nd5 21. Ncxd5 cxd5 22. Qd3 f6 23. exf6 Nxf6 24. Bb2
b4 25. f3 Ba6 26. Qd2 Bb5 27. Re1 a5 28. a4 bxa3 29. Bxa3 Bxa3 30. Rxa3 {
Hammer,J (2647)-Tkachiev,V (2636)/Wijk aan Zee 2011/Mega2011 Update 06/0-1 (38)
}) 16. dxe5 Ng4 17. cxd5 {42" Joué après une longue réflexion alors qu'il y
avait pourtant une partie de référence de son adversaire sur cette variante
jouée deux mois plus tôt.} (17. e4 Bc5 {[%csl Rf2]} 18. exd5 $5 Nxf2 19. Na4 {
La pointe mais difficile а trouver devant l'échiquier} Nxd1+ 20. Nxc5 bxc5 21.
d6 $1 {[%csl Gd6]} f6 22. Qxd1 fxe5 23. Be3 $44) (17. Bf4 {[%cal Gf4e5]} g5 $1)
17... cxd5 18. Qa4 {[%csl Gd4][%cal Ga4g4]} Nxe5 19. e4 Bc6 $1 20. Qa6 $6 $146
{La Qa6 est hors-jeu} (20. Qb3 d4 21. Nb5 Bxb5 22. Qxb5 Bc5 23. Bf4 a6 24. Qb3
Ng6 25. Bd2 e5 26. Rac1 Ne7 27. a3 a5 28. h4 a4 29. Qf3 Nc8 30. Qg4 Ra7 31. f4
exf4 32. Bxf4 Ne7 33. h5 f5 34. Qh3 Qd7 {Meier,G (2656)-Volokitin,A (2676)/
Austria 2011/Mega2011 Update 05/0-1 (46)}) 20... d4 $1 21. Ne2 Bc5 22. Bf4 {
[%emt 0:00:12]} (22. b4 $5 {Semblait un ordre de coups plus précis que 23.b4
joué dans la partie} Bxb4 23. Bf4 Ng6 24. Nxd4 $132 {[%cal Gd1d8,Gd4c6]}) (22.
Nf4 {[%cal Gf4d3]} Qd7 $36 {[%csl Ra6][%cal Gc6b5]}) 22... Ng6 $17 {[%emt 0:00:
35]} 23. b4 $1 Nxf4 24. gxf4 Bxb4 25. Nxd4 Qc8 $1 26. Qe2 Ba4 $1 $17 {Non
seulement les Blancs sont grand zeitnot mais la paire de B des Noirs est trés
forte.} 27. Nb3 (27. Rdc1 $2 Qd7) 27... Qc7 28. e5 Rad8 29. Qe4 a5 30. Bf3 (30.
Rdc1) 30... g6 31. Rxd8 Rxd8 32. Rc1 Qe7 33. Nd4 Qh4 $1 $40 {[%csl Rf4][%cal
Gb4d2]} 34. Ne2 Bb5 35. Ng3 Bd3 36. Qe3 Bc5 37. Qd2 {01mn48} Ba6 {14mns} 0-1

[Event "Barcelona op 9394"]
[Site "Barcelona"]
[Date "1993.??.??"]
[Round "6"]
[White "Marin, Mihail"]
[Black "Pogorelov, Ruslan"]
[Result "1-0"]
[WhiteElo "2515"]
[BlackElo "2415"]
[Annotator "Marin,M"]
[PlyCount "119"]
[EventDate "1993.??.??"]
[EventType "swiss"]
[EventRounds "9"]
[EventCountry "ESP"]
[SourceTitle "EXT 1997"]
[Source "ChessBase"]
[SourceDate "1996.11.15"]
[SourceVersion "1"]
[SourceVersionDate "1996.11.15"]
[SourceQuality "1"]

1. d4 Nf6 2. c4 e6 3. g3 Bb4+ 4. Bd2 Be7 5. Bg2 d5 6. Nf3 O-O 7. O-O c6 8. Qc2
Nbd7 9. Bf4 a5 10. Rd1 Nh5 {N} (10... a4 {-50/526}) 11. Bc1 Nhf6 (11... f5 $5
12. b3 $140 Nhf6 13. Ba3 Bb4) 12. Nbd2 (12. b3 $6 a4) 12... b5 $5 (12... b6 13.
e4 Bb7 $14) 13. c5 $14 Qe8 (13... b4 14. a3 bxa3 15. Rxa3 Ba6 16. e4 Bb5 $14)
14. e4 Nxe4 15. Nxe4 dxe4 16. Qxe4 Nf6 17. Qc2 (17. Qe2 $5) 17... Nd5 18. Re1
$1 $14 (18. Ne5 f6 $5) 18... f6 $6 {(><e6)} (18... Ra7 $142 19. a4 b4 20. Ne5
$14) 19. Bf4 $1 (19. a4 $5 b4 $140 20. Bf4) 19... g5 (19... Nxf4 20. gxf4 $16 {
><e6,c6}) 20. Bd6 $1 Bxd6 21. cxd6 Qd7 22. Nd2 (22. Rac1 Nb4 $5) 22... Qxd6 23.
Ne4 Qc7 24. Rac1 $16 (24. Nc5 $6 Re8 25. Bh3 e5 $1) 24... Ra7 (24... Ra6 25.
Nc5) (24... Bd7 25. Nc5 Rfe8 26. Nxd7 Qxd7 27. Qxc6 Qxc6 28. Rxc6 Kf7 29. Rexe6
Rxe6 30. Bxd5 Rae8 31. g4 $18) (24... Ne7 25. Nc5 Qd6 26. Qe4 $16 f5 27. Qe3)
25. a3 $6 (25. Qxc6 $1 Qxc6 26. Rxc6 Nb4 27. Rb6 (27. Nxf6+ $4 Kg7) (27. Rc5
Nd3) (27. Rc3 Nxa2) 27... Nd3 (27... Nxa2 28. Rxb5 Nb4 (28... Rd8 29. Ra1 Nb4
30. Rxb4 $18) 29. Nc5 $18 {><a5,e6 , ץc8}) 28. Rb1 $1 (28. Rd1 $2 Nxb2 29. Rb1
Nc4 30. R6xb5 Na3) (28. Re2 Rc7 $132) 28... Rc7 (28... b4 $2 29. Bf1 $18) 29.
Bf1 Rc1 30. Rxc1 Nxc1 31. Bxb5 Nxa2 32. Bc4 Nb4 33. Nc5 $18) 25... Bd7 26. Nc5
Qd6 27. Nxd7 Rxd7 28. Qxc6 Qxc6 29. Rxc6 Nc7 30. Rec1 Rff7 31. b3 $1 $16 {
(><a5,b5)} (31. R1c5 a4 $1 $14) 31... Kg7 $138 32. R1c5 Rfe7 33. Bf1 Kf7 (33...
b4 $6 34. a4 {/\Bc4 , ><a5,e6 +/-}) 34. Bxb5 Nxb5 35. Rxb5 a4 $1 36. b4 Rxd4
37. Ra5 h5 $132 {>>} 38. Rca6 h4 39. Kg2 f5 40. Rxa4 g4 41. gxh4 Kf6 (41... Kg6
42. b5 Rd2 43. Rb4 $18) 42. b5 Rd2 43. Ra7 (43. Rb4 $2 Red7 44. b6 Ra2 45. b7
Rdd2 46. Rf4 Rab2 47. Ra7 Ke5) 43... Rxa7 (43... Re8 44. Ra8 Re7 45. R4a7) 44.
Rxa7 Rb2 45. a4 f4 46. Rc7 (46. h5 $2 Kg5 47. Rh7 Kh4 $1 $19 48. h3 f3+ 49. Kg1
(49. Kh2 g3+) 49... Kxh3) 46... e5 47. Rc1 e4 48. Kg1 $8 (48. Ra1 e3 49. a5
Rxf2+ 50. Kg1 f3 51. a6 Rg2+ 52. Kh1 e2 53. a7 Rf2 54. Kg1 Rg2+ $10) (48. a5 e3
49. a6 Rxf2+ 50. Kg1 Ra2 51. Rb1 f3 52. b6 Rg2+ 53. Kh1 e2 54. b7 Rf2 (54... f2
55. Kxg2 e1=Q 56. Rxe1 fxe1=Q 57. b8=Q Qe2+ $10) 55. Kg1 Rg2+ $10) 48... Kg6
49. Re1 $5 (49. Ra1 Kh5 50. a5 Rxb5 51. a6 Rb8 52. a7 Ra8 53. Ra5+ Kxh4 54. Kf1
$22 f3 55. Ra6 Rc8 56. Ke1 Ra8 57. Rh6+ Kg5 58. Rh7 Kf4 59. Rd7 (59. Kd2 Rd8+
60. Kc3 e3) 59... Rc8 60. Kd2 Ra8 61. Rf7+ Ke5 62. Ke3 $18) 49... Rb4 (49...
Kh5 50. Rxe4 $18) (49... Kf5 50. Ra1 Kg6 51. a5 Rxb5 52. a6 Rb8 53. a7 Ra8 54.
Ra5 $18) 50. Kg2 (50. b6 $2 Rxb6 51. Rxe4 $4 Rb1+ 52. Kg2 Kf5 53. f3 (53. Rc4
f3+ 54. Kg3 Rg1#) 53... gxf3+ 54. Kxf3 Rb3+ $19) 50... Kh5 51. b6 Rxa4 (51...
Rxb6 52. Rxe4 $18) (51... Kxh4 52. a5 {/\Ra1+-}) 52. Rb1 (52. b7 Rb4 53. Rxe4
Rxb7 54. Rxf4 {(/\f3)} Rb3 $10) 52... Ra8 53. b7 Rb8 54. Rb6 $6 $138 (54. Rb5+
$142 Kxh4 55. Kf1 f3 $8 (55... g3 56. hxg3+ fxg3 57. Kg2 gxf2 58. Kxf2 Kg4 59.
Ke3 $18) (55... Kh3 $4 56. Rh5#) 56. Rb6 $1 Rd8 (56... Kg5 57. Ke1 Kh4 58. Rh6+
Kg5 59. Rh7 $18) 57. Ke1 Rb8 58. Rh6+ (58. Kd2 Kh3 $132) 58... Kg5 59. Rh7 Kf4
(59... Kf5 60. Rh5+ Ke6 61. Rb5 $18) 60. Rd7 $1 (60. Kd2 $6 Rd8+ 61. Kc3 $2 (
61. Ke1) 61... e3 62. Rf7+ Ke5 63. fxe3 Ke6 64. Rf4 Rb8) 60... Ke5 (60... Rh8
61. Kd2 Rf8 62. Rd5 $18) 61. Kd2 Ke6 62. Rh7 Kd5 63. Ke3 $18) 54... Kxh4 55.
Rb5 e3 $6 $138 {(>=)} (55... Rd8 $1 56. Kf1 (56. b8=Q $4 f3+ 57. Kf1 Rd1#) (56.
Kg1 $4 Rd1+ 57. Kg2 f3#) (56. Rb1 Rb8 57. Rb6 Kg5) 56... Rb8 57. Kg1 (57. Ke2
$6 Kh3 58. Ke1 $2 (58. Rh5+ $2 Kg2 59. Rh7 e3 $1 $19) (58. Kf1) 58... Kg2 $1 (
58... Kxh2 $4 59. Kf1 $1 $18)) 57... Rd8 (57... f3 58. Kf1 Rd8 59. Ke1 Rb8 60.
Rb6 Kh3 61. Kf1 Kh4 62. Rh6+ Kg5 63. Rh7 $18) 58. f3 $3 (58. h3 Rb8 59. hxg4
Kxg4 60. Kg2 e3 61. f3+ Kh4 $10) (58. Rb1 Rb8 59. Rb6 Kg5) 58... Rd1+ (58...
Rb8 59. fxe4 $18) (58... g3 59. b8=Q (59. hxg3+ Kxg3 60. Rb1 $18)) 59. Kf2 g3+
60. hxg3+ fxg3+ 61. Ke2 g2 62. b8=Q g1=Q 63. Qh8+ $18) 56. fxe3 fxe3 57. Kf1 (
57. Rb3 Kg5 (57... e2 58. Kf2) 58. Kf1 Kf4 59. Ke2 $18) 57... g3 58. Rb4+ $1 (
58. hxg3+ $2 Kxg3 59. Ke2 Kf4 60. Kd3 e2 $10) 58... Kh3 59. hxg3 Kxg3 60. Ke2
1-0